| 000 | 00463nam a22001697a 4500 | ||
|---|---|---|---|
| 999 |
_c6250 _d6250 |
||
| 003 | OSt | ||
| 005 | 20191226220602.0 | ||
| 008 | 170516b xxu||||| |||| 00| 0 eng d | ||
| 020 | _a8185605076 | ||
| 100 | _aNancy, Sr. | ||
| 245 |
_aStephanie's principle & practice of nursing: _bsenior nursing procedures. Volume II |
||
| 250 | _a4th ed. | ||
| 260 |
_aIndore: _bN.R. Brothers, _c2005. |
||
| 300 |
_a648 p. _bill. _c18 cm. |
||
| 505 | _gVolume II | ||
| 942 |
_2NLM _cTB |
||